UBT Library

QoS në infrastrukturën e KGJK-së (Record no. 45895)

000 -LEADER
fixed length control field 00283nam a22001217a 4500
008 - FIXED-LENGTH DATA ELEMENTS--GENERAL INFORMATION
fixed length control field 180517b xxu||||| |||| 00| 0 eng d
041 ## - LANGUAGE CODE
Language code of text/sound track or separate title eng
080 ## - UNIVERSAL DECIMAL CLASSIFICATION NUMBER
Universal Decimal Classification number 043.3
100 ## - Rafti
Rafti 0
101 ## - Shkurtesa
Shkurtesa SHKI-BTH
245 ## - TITLE STATEMENT
Title QoS në infrastrukturën e KGJK-së
Statement of responsibility, etc Kurshumliu,G
942 ## - ADDED ENTRY ELEMENTS (KOHA)
Source of classification or shelving scheme
Item type Books
Holdings
Withdrawn status Lost status Source of classification or shelving scheme Damaged status Not for loan Collection code Permanent location Current location Shelving location Date acquired Total Checkouts Full call number Barcode Date last seen Price effective from Koha item type
          Koleksioni i përgjithshem UBT - Lipjan UBT - Lipjan Disertacionet 05/17/2018   043.3 Kurshumliu,G 2012 002-30024531 05/17/2018 05/17/2018 Books
          Koleksioni i përgjithshem UBT - Lipjan UBT - Lipjan Disertacionet 05/17/2018   043.3 Kurshumliu,G 2012 002-30024536 05/17/2018 05/17/2018 Books
          Koleksioni i përgjithshem UBT - Lipjan UBT - Lipjan Disertacionet 05/17/2018   043.3 Kurshumliu,G 2012 002-3004541 05/17/2018 05/17/2018 Books
          Koleksioni i përgjithshem UBT - Lipjan UBT - Lipjan Disertacionet 05/17/2018   043.3 Kurshumliu,G 2012 002-3004546 05/17/2018 05/17/2018 Books
          Koleksioni i përgjithshem UBT - Lipjan UBT - Lipjan Disertacionet 05/17/2018   043.3 Kurshumliu,G 2012 002-30024532 05/17/2018 05/17/2018 Books
          Koleksioni i përgjithshem UBT - Lipjan UBT - Lipjan Disertacionet 05/17/2018   043.3 Kurshumliu,G 2012 002-3004560 05/17/2018 05/17/2018 Books
UBT Library © 2015-2024. All rights reserved University Education for Business and Technology